QUALITATIVE DATA ANALYSIS USING A DIALOG (Record no. 21645)

MARC details
000 -LEADER
fixed length control field 00355nam a2200133Ia 4500
008 - FIXED-LENGTH DATA ELEMENTS--GENERAL INFORMATION
fixed length control field 240624s9999 xx 000 0 und d
041 ## - LANGUAGE CODE
Language code of text/sound track or separate title eng
082 ## - DEWEY DECIMAL CLASSIFICATION NUMBER
Classification number 300.72 SUL
100 ## - MAIN ENTRY--PERSONAL NAME
Personal name SULLIVAN PAUL
245 ## - TITLE STATEMENT
Title QUALITATIVE DATA ANALYSIS USING A DIALOG
260 ## - PUBLICATION, DISTRIBUTION, ETC.
Date of publication, distribution, etc. 2012
Place of publication, distribution, etc. London
Name of publisher, distributor, etc. Sage Publications
300 ## - PHYSICAL DESCRIPTION
Extent x, : 189 : p. : cm. ; 23
365 ## - TRADE PRICE
Currency code GBP
Price amount 38
Holdings
Withdrawn status Lost status Damaged status Not for loan Home library Current library Shelving location Date acquired Source of acquisition Cost, normal purchase price Full call number Barcode Date last seen Copy number Price effective from Koha item type
        IMTN IMTN Rack 5-A 09/05/2013 IBH 24.99 300.72 SUL 21645 06/24/2024 95.9 06/24/2024 Books
Designed & Maintained by: LRC IMT Nagpur Contact: lrc@imtnag.ac.in© 2024. All Rights Reserved.